Cartas copernicanas
محفوظ في:
| المؤلف الرئيسي: | |
|---|---|
| التنسيق: | كتاب |
| اللغة: | الإسبانية |
| منشور في: |
Santiago
Ercilla
1988
|
| سلاسل: | Las Más Grandes Obras del Conocimiento, 8
|
| الموضوعات: | |
| الوسوم: |
إضافة وسم
لا توجد وسوم, كن أول من يضع وسما على هذه التسجيلة!
|
MARC
| LEADER | 00000nam a2200000 a 4500 | ||
|---|---|---|---|
| 001 | UCW8725 | ||
| 003 | CL-VaPUC | ||
| 008 | 881025e19880000CL |||||||||||||||||spa|d | ||
| 082 | 0 | 4 | |a 520.9 |b GAL |2 21 |
| 100 | |a Galilei, Galileo |e author |9 264973 | ||
| 245 | 1 | 0 | |a Cartas copernicanas |
| 300 | |a 127 p | ||
| 942 | |c BK | ||
| 945 | |d 19881025 00:00:00 | ||
| 260 | |a Santiago |b Ercilla |c 1988 | ||
| 500 | |a Se distribuye con revista Ercilla | ||
| 650 | 0 | |a Astronomía |v Obras anteriores a 1800 |9 268651 | |
| 583 | |a last modification |c 19881025 00:00:00 |k Rodrigo Vera | ||
| 490 | 0 | |a Las Más Grandes Obras del Conocimiento, 8 | |
| 999 | |c 221011 |d 221009 | ||
| 952 | |0 0 |1 0 |4 0 |6 520_900000000000000_GAL_1988 |7 0 |8 A |9 213898 |a BIBHIS |b BIBHIS |d 2019-11-15 |i 136149K |l 1 |o 520.9 GAL 1988 |p 136149K |r 2025-01-20 |s 2024-12-02 |w 2019-11-15 |y BK |k HIS | ||